Dorpen en Steden van Zuid-Holland - Statistieken

Algemene statistieken
  • Deze quiz is 203 keer genomen
  • De gemiddelde score is 71 van 184
Antwoordstatistieken
Gemeente Kern % Correct
Rotterdam Rotterdam
88%
Den Haag Den Haag
85%
Leiden Leiden
78%
Dordrecht Dordrecht
77%
Gouda Gouda
77%
Bodegraven-Reeuwijk Bodegraven
76%
Schiedam Schiedam
76%
Delft Delft
74%
Pijnacker-Nootdorp Nootdorp
72%
Maassluis Maassluis
70%
Pijnacker-Nootdorp Pijnacker
70%
Zoetermeer Zoetermeer
70%
Vlaardingen Vlaardingen
69%
Bodegraven-Reeuwijk Reeuwijk
68%
Barendrecht Barendrecht
66%
Leidschendam-Voorburg Leidschendam
66%
Westland Monster
66%
Nissewaard Spijkenisse
66%
Wassenaar Wassenaar
66%
Alblasserdam Alblasserdam
65%
Katwijk Katwijk
65%
Noordwijk Noordwijk
65%
Rotterdam Hoek van Holland
64%
Gorinchem Gorinchem
62%
Voorne aan Zee Hellevoetsluis
62%
Krimpen aan den IJssel Krimpen aan den IJssel
62%
Leidschendam-Voorburg Voorburg
62%
Lisse Lisse
61%
Papendrecht Papendrecht
61%
Westland Naaldwijk
59%
Rijswijk Rijswijk
59%
Sliedrecht Sliedrecht
59%
Waddinxveen Waddinxveen
59%
Leiderdorp Leiderdorp
58%
Voorschoten Voorschoten
58%
Alphen aan den Rijn Alphen aan den Rijn
57%
Voorne aan Zee Brielle
57%
Capelle aan den IJssel Capelle aan den IJssel
57%
Albrandswaard Rhoon
57%
Ridderkerk Ridderkerk
57%
Zwijndrecht Zwijndrecht
57%
Hendrik-Ido-Ambacht Hendrik-Ido-Ambacht
55%
Rotterdam Hoogvliet
54%
Hoeksche Waard Oud-Beijerland
54%
Lansingerland Berkel en Rodenrijs
53%
Kaag en Braassem Kaag
53%
Westland 's-Gravenzande
51%
Westland De Lier
50%
Hardinxveld-Giessendam Hardinxveld-Giessendam
50%
Hillegom Hillegom
50%
Voorne aan Zee Oostvoorne
50%
Oegstgeest Oegstgeest
49%
Lansingerland Bleiswijk
46%
Alphen aan den Rijn Boskoop
46%
Noordwijk Noordwijkerhout
46%
Rotterdam Pernis
46%
Zoeterwoude Zoeterwoude
46%
Krimpenerwaard Krimpen aan de Lek
45%
Westland Maasdijk
45%
Goeree-Overflakkee Ouddorp
45%
Westland Wateringen
45%
Midden-Delfland Maasland
43%
Zuidplas Nieuwerkerk aan den Ijssel
43%
Rotterdam Rozenburg
43%
Goeree-Overflakkee Middelharnis
42%
Hoeksche Waard Nieuw-Beijerland
42%
Albrandswaard Poortugaal
42%
Voorne aan Zee Rockanje
42%
Krimpenerwaard Lekkerkerk
41%
Teylingen Sassenheim
41%
Midden-Delfland Schipluiden
41%
Krimpenerwaard Schoonhoven
41%
Zuidplas Zevenhuizen
41%
Nieuwkoop Nieuwkoop
39%
Molenlanden Nieuw-Lekkerland
39%
Zuidplas Moordrecht
38%
Hoeksche Waard Numansdorp
38%
Hoeksche Waard Puttershoek
38%
Goeree-Overflakkee Goedereede
36%
Nieuwkoop Ter Aar
36%
Teylingen Voorhout
36%
Goeree-Overflakkee Oude-Tonge
35%
Westland Poeldijk
35%
Krimpenerwaard Bergambacht
34%
Midden-Delfland Den Hoorn
34%
Goeree-Overflakkee Dirksland
34%
Molenlanden Kinderdijk
34%
Goeree-Overflakkee Stellendam
34%
Hoeksche Waard Strijen
34%
Hoeksche Waard Zuid-Beijerland
34%
Molenlanden Arkel
32%
Lansingerland Bergschenhoek
32%
Nissewaard Heenvliet
32%
Zuidplas Moerkapelle
32%
Molenlanden Streefkerk
32%
Alphen aan den Rijn Benthuizen
31%
Pijnacker-Nootdorp Delfgauw
31%
Krimpenerwaard Haastrecht
31%
Goeree-Overflakkee Nieuwe-Tonge
31%
Hoeksche Waard 's-Gravendeel
31%
Katwijk Valkenburg
31%
Teylingen Warmond
31%
Nissewaard Zuidland
31%
Alphen aan den Rijn Hazerswoude-Rijndijk
30%
Westland Honselersdijk
30%
Hoeksche Waard Klaaswaal
30%
Rotterdam Maasvlakte
30%
Goeree-Overflakkee Melissant
30%
Goeree-Overflakkee Ooltgensplaat
30%
Molenlanden Oud-Alblas
30%
Katwijk Rijnsburg
30%
Kaag en Braassem Roelofarendsveen
30%
Voorne aan Zee Vierpolders
30%
Kaag en Braassem Woubrugge
30%
Goeree-Overflakkee Achthuizen
28%
Noordwijk De Zilk
28%
Bodegraven-Reeuwijk Driebruggen
28%
Rotterdam Europoort
28%
Zwijndrecht Heerjansdam
28%
Goeree-Overflakkee Stad aan 't Haringvliet
28%
Krimpenerwaard Stolwijk
28%
Voorne aan Zee Zwartewaal
28%
Goeree-Overflakkee Den Bommel
27%
Nissewaard Geervliet
27%
Molenlanden Giessenburg
27%
Alphen aan den Rijn Hazerswoude-Dorp
27%
Hoeksche Waard Piershil
27%
Westland Ter Heijde
27%
Voorne aan Zee Tinte
27%
Molenlanden Wijngaarden
27%
Krimpenerwaard Ammerstol
26%
Rotterdam Botlek
26%
Molenlanden Groot-Ammers
26%
Nissewaard Hekelingen
26%
Kaag en Braassem Leimuiden
26%
Hoeksche Waard Maasdam
26%
Molenlanden Ottoland
26%
Goeree-Overflakkee Sommelsdijk
26%
Alphen aan den Rijn Zwammerdam
26%
Goeree-Overflakkee Herkingen
24%
Westland Kwintsheul
24%
Hoeksche Waard Mijnsheerenland
24%
Nieuwkoop Noorden
24%
Voorne aan Zee Oudenhoorn
24%
Krimpenerwaard Ouderkerk aan den Ijssel
24%
Krimpenerwaard Berkenwoude
23%
Hoeksche Waard Heinenoord
23%
Kaag en Braassem Hoogmade
23%
Krimpenerwaard Vlist
23%
Bodegraven-Reeuwijk Waarder
23%
Alphen aan den Rijn Aarlanderveen
22%
Krimpenerwaard Gouderak
22%
Molenlanden Noordeloos
22%
Kaag en Braassem Oud Ade
22%
Kaag en Braassem Rijnsaterwoude
22%
Gorinchem Dalem
20%
Molenlanden Goudriaan
20%
Molenlanden Langerak
20%
Molenlanden Molenaarsgraaf
20%
Hoeksche Waard Westmaas
20%
Nissewaard Abbenbroek
19%
Zoeterwoude Gelderswoude
19%
Molenlanden Hoogblokland
19%
Molenlanden Nieuwpoort
19%
Kaag en Braassem Rijpwetering
19%
Nissewaard Simonshaven
19%
Nieuwkoop Zevenhoven
19%
Molenlanden Brandwijk
18%
Molenlanden Hoornaar
18%
Kaag en Braassem Nieuwe Wetering
18%
Nieuwkoop Nieuwveen
18%
Kaag en Braassem Oude Wetering
18%
Hoeksche Waard Strijensas
18%
Nieuwkoop Woerdense Verlaat
18%
Molenlanden Schelluinen
16%
Rotterdam Vondelingenplaat
16%
Hoeksche Waard Mookhoek
15%
Bodegraven-Reeuwijk Nieuwerbrug aan den Rijn
15%
Nieuwkoop Vrouwenakker
15%
Albrandswaard Rotterdam-Albrandswaard
12%
Molenlanden Waal
12%
Alphen aan den Rijn Kouderkerk aan den Rijn
11%
Molenlanden Bleskensgraaf ca
7%
Hoeksche Waard Goudsewaard
7%
Geen overeenkomende quizzen gevonden
Scoreverdeling
Procent van Mensen met Elke Score
Percentiel versus Aantal Correcte Antwoorden
Uw Scoregeschiedenis
U heeft deze quiz nog niet genomen